[Event "Match \"]
[Site "masterchessopen.com Belgrade (Yugoslavia)"]
[Round "1"]
[White "Van Scheltinga Theo D (NED)"]
[Black "Gligoric Svetozar (SRB)"]
[Result "0-1"]
[WhiteElo "2325"]
[BlackElo "2447"]

1.d4 Nf6 2.c4 e6 3.Nc3 Bb4 4.Qc2 c5 5.dxc5 O-O 6.Nf3 Na6 7.e3 Nxc5 8.a3 Bxc3+
9.Qxc3 b6 10.Be2 Ba6 11.b4 Nce4 12.Qb3 d5 13.Bb2 Bxc4 14.Bxc4 dxc4 15.Qxc4 Rc8
16.Qe2 Nc3 17.Bxc3 Rxc3 18.O-O Qc8 19.Rfd1 Ne4 20.Nd4 e5 21.Nb5 Rc2 22.Qf3
Nxf2 23.Nxa7 Qc4 24.Rf1 Ne4 25.Rfd1 Nc3 26.Rf1 e4 27.Qg4 Qc7 28.Rac1 Rxc1
29.Rxc1 Ne2+ 30.Qxe2 Qxc1+ 31.Kf2 {#R} 0-1

[Event "Match \"]
[Site "masterchessopen.com Utrecht (Netherlands)"]
[Date "1950.06.24"]
[Round "2"]
[White "Van Den Berg Carel B (NED)"]
[Black "Ivkov Borislav (SRB)"]
[Result "0-1"]
[WhiteElo "2410"]
[BlackElo "2416"]

1.d4 Nf6 2.c4 e6 3.Nc3 Bb4 4.Qc2 c5 5.dxc5 O-O 6.a3 Bxc5 7.Nf3 d5 8.cxd5 exd5
9.Bg5 Qb6 10.e3 Be7 11.Bd3 h6 12.Bxf6 Bxf6 13.Nxd5 Qxb2 14.Qxb2 Bxb2 15.Rb1
Rd8 16.Bc4 Bxa3 17.Nc7 Bf5 18.Rxb7 Rd7 19.Ne5 Re7 20.Nxf7 Kh7 21.Bd5 Nc6
22.Bxc6 Rc8 23.Nb5 Rxc6 24.Rxe7 Bxe7 25.O-O Bd3 26.Nd4 Rc5 27.Ne6 Rc8 28.Rd1
Be2 29.Ra1 Bc4 30.Nxg7 Bxf7 31.Nf5 Ba3 32.Kf1 Rc1+ 33.Rxc1 Bxc1 {#R} 0-1

[Event "Olympiad"]
[Site "masterchessopen.com Helsinki (Finland)"]
[Round "0"]
[White "Ojanen Kaarle S (FIN)"]
[Black "Lundin Erik (SWE)"]
[Result "0-1"]
[WhiteElo "2335"]
[BlackElo "2375"]

1.d4 Nf6 2.c4 e6 3.Nc3 Bb4 4.Qc2 c5 5.dxc5 O-O 6.Nf3 Nc6 7.Bd2 Bxc5 8.e3 d5
9.Be2 dxc4 10.Bxc4 b6 11.a3 Bb7 12.Bd3 Rc8 13.Ne4 Nxe4 14.Bxe4 f5 15.Bd3 Ne7
16.Bc4 Kh8 17.Bxe6 Rc6 18.Bc4 Rg6 19.Ne5 Rxg2 20.Nf7+ Rxf7 21.Bxf7 Bf3 22.Bb4
Bxe3 23.Bxe7 Bxf2+ 24.Kf1 Bc5 25.Bxd8 Rxc2 26.Rg1 Be2+ 27.Kg2 Bh5+ 28.Kh3 Bd6
29.Kh4 Bxf7 {#R} 0-1

[Event "Match"]
[Site "masterchessopen.com New York (USA)"]
[Round "1"]
[White "Najdorf Miguel (POL)"]
[Black "Reshevsky Samuel H (USA)"]
[Result "0-1"]
[WhiteElo "2445"]
[BlackElo "2430"]

1.d4 Nf6 2.c4 e6 3.Nc3 Bb4 4.Qc2 c5 5.dxc5 O-O 6.a3 Bxc5 7.Nf3 Nc6 8.b4 Be7
9.e3 d6 10.Bb2 a5 11.b5 Nb8 12.Ng5 Nbd7 13.Be2 h6 14.h4 Qc7 15.Nce4 e5 16.Ng3
Rd8 17.Rc1 Nf8 18.N5e4 Be6 19.Nf5 Rac8 20.Nxe7+ Qxe7 21.Nxf6+ Qxf6 22.Qe4 b6
23.h5 Nd7 24.f4 Bf5 25.Qf3 Nc5 26.fxe5 dxe5 27.O-O Bd3 28.Rfd1 Qe6 29.Rd2 f6
30.Qf1 e4 31.Qd1 a4 32.Bd4 Nb3 {#R} 0-1

[Event "It"]
[Site "masterchessopen.com Mar del Plata (Argentina)"]
[Round "0"]
[White "Jauregui Carlos (CAN)"]
[Black "Letelier Rene (CHI)"]
[Result "0-1"]
[WhiteElo "2260"]
[BlackElo "2151"]

1.d4 Nf6 2.c4 e6 3.Nc3 Bb4 4.Qc2 c5 5.dxc5 O-O 6.a3 Bxc5 7.e3 b6 8.Be2 Bb7
9.Bf3 Nc6 10.Nge2 d5 11.b4 Be7 12.cxd5 Ne5 13.Nd4 Nxf3+ 14.Nxf3 Nxd5 15.Bb2
Rc8 16.Rc1 a5 17.bxa5 bxa5 18.Qd2 Nb6 19.Qe2 Nc4 20.Nb5 Nxb2 21.Qxb2 Rxc1+
22.Qxc1 Qd3 23.Nfd4 Rc8 24.Qd1 Qc4 25.Qe2 Qd5 26.e4 Kh8 {#R} 0-1

[Event "Ch Hungary"]
[Site "masterchessopen.com Budapest (Hungary)"]
[Round "0"]
[White "Navarovszky Laszlo (HUN)"]
[Black "Szabo Laszlo (HUN)"]
[Result "0-1"]
[WhiteElo "2280"]
[BlackElo "1903"]

1.d4 Nf6 2.c4 e6 3.Nc3 Bb4 4.Qc2 c5 5.dxc5 O-O 6.Bg5 Na6 7.a3 Bxc5 8.Nf3 b6
9.e4 Be7 10.e5 Ne8 11.Qe4 Rb8 12.Bd3 g6 13.Qg4 Bb7 14.Bh6 Ng7 15.h4 Bxf3
16.gxf3 f5 17.Qg2 Nh5 18.f4 Kf7 19.Be2 Rg8 20.Nd1 Bf8 21.Bg5 Qc8 22.Bxh5 gxh5
23.Qf3 Qxc4 24.Qxh5+ Rg6 25.Qxh7+ Rg7 26.Qh5+ Kg8 27.Qe2 Qc6 28.Rg1 Nc5 29.Nc3
d5 30.exd6 Qxd6 31.Rd1 Qc6 32.Kd2 Rc8 33.Bf6 Ne4+ {#R} 0-1

[Event "Ch Czechoslovakia (Army)"]
[Site "masterchessopen.com Prague (Czech Republic)"]
[Date "1955.08.13"]
[Round "9"]
[White "Ratolistka Josef (CZE)"]
[Black "Kozma Julius (CSR)"]
[Result "0-1"]
[WhiteElo "2026"]
[BlackElo "2380"]

1.d4 Nf6 2.c4 e6 3.Nc3 Bb4 4.Qc2 c5 5.dxc5 O-O 6.a3 Bxc5 7.b4 Be7 8.Nf3 a5
9.Rb1 b6 10.e4 d6 11.Bd3 Nbd7 12.O-O Ba6 13.Rd1 Rc8 14.e5 dxe5 15.Nxe5 Nxe5
16.Bxh7+ Nxh7 17.Rxd8 Rfxd8 18.Qe4 Bf6 19.Bb2 Nxc4 {#R} 0-1

[Event "Europe Tournament (corr.)"]
[Site "masterchessopen.com corr."]
[Round "0"]
[White "Suess W"]
[Black "Janka Helmut"]
[Result "0-1"]
[WhiteElo "2105"]
[BlackElo "1980"]

1.d4 Nf6 2.c4 e6 3.Nc3 Bb4 4.Qc2 c5 5.dxc5 O-O 6.Nf3 Na6 7.Bd2 Nxc5 8.a3 Bxc3
9.Bxc3 Nce4 10.Bxf6 Nxf6 11.e3 Qc7 12.Bd3 h6 13.O-O b6 14.Rac1 Bb7 15.e4 d6
16.Qe2 Rfd8 17.b4 a5 18.b5 Rac8 19.h3 Qc5 20.a4 Nh5 21.Qd2 f5 22.Rfe1 e5
23.exf5 Bxf3 24.gxf3 Nf4 25.Be4 Nxh3+ 26.Kh2 Nf4 27.Rg1 d5 28.cxd5 Qe7 29.Rg4
Rxc1 30.Qxc1 h5 31.Rxf4 exf4 32.Qxf4 Qd6 33.Kg3 Kf7 {#R} 0-1

[Event "It"]
[Site "masterchessopen.com Pecs (Hungary)"]
[Round "4"]
[White "Honfi Karoly (HUN)"]
[Black "Gipslis Aivars (LAT)"]
[Result "0-1"]
[WhiteElo "2365"]
[BlackElo "2429"]

1.d4 Nf6 2.c4 e6 3.Nc3 Bb4 4.Qc2 c5 5.dxc5 O-O 6.Nf3 Na6 7.a3 Bxc3+ 8.Qxc3
Nxc5 9.b4 Nce4 10.Qc2 a5 11.Nd2 Nxf2 12.Kxf2 Ng4+ 13.Kg3 f5 14.Nb3 Qc7+ 15.Bf4
e5 16.Bg5 d5 17.e4 dxe4 18.Be2 f4+ 19.Kh4 Ne3 20.Qxe4 Nf5+ {#R} 0-1

[Event "It"]
[Site "masterchessopen.com Ljubljana (Slovenia)"]
[Round "0"]
[White "Forintos Gyozo V (HUN)"]
[Black "Unzicker Wolfgang (GER)"]
[Result "0-1"]
[WhiteElo "2317"]
[BlackElo "2433"]

1.d4 Nf6 2.c4 e6 3.Nc3 Bb4 4.Qc2 c5 5.dxc5 O-O 6.Bf4 Bxc5 7.e3 Nc6 8.Nf3 b6
9.Rd1 Bb7 10.Be2 Rc8 11.O-O Be7 12.Rd2 Na5 13.Ne5 d5 14.e4 Qe8 15.exd5 exd5
16.b3 dxc4 17.bxc4 Bb4 18.Rdd1 Rc5 19.a3 Bxc3 20.Qxc3 Nd5 21.Rxd5 Bxd5 22.Qg3
Bxc4 23.Nxc4 Nxc4 24.Bxc4 Rxc4 25.Bh6 g6 26.f4 Qe7 27.Bxf8 Qxf8 28.f5 Qc5+
29.Kh1 Qxf5 30.Qe1 Rf4 {#R} 0-1

[Event "It (b)"]
[Site "masterchessopen.com Monaco"]
[Round "10"]
[White "Gerusel Mathias (GER)"]
[Black "Tatai Stefano (ITA)"]
[Result "0-1"]
[WhiteElo "2239"]
[BlackElo "2367"]

1.d4 Nf6 2.c4 e6 3.Nc3 Bb4 4.Qc2 c5 5.dxc5 O-O 6.Bf4 Na6 7.a3 Bxc3+ 8.Qxc3
Nxc5 9.f3 d5 10.Rd1 Bd7 11.e3 Ba4 12.Rb1 dxc4 13.Bxc4 Rc8 14.Be2 Bb3 15.Qd4
Nd5 16.Nh3 Bc2 17.O-O Bxb1 18.Rxb1 Nxf4 19.Qxf4 Qd2 20.Bc4 Qc2 21.Rf1 Qxb2
22.Nf2 Qxa3 23.Ng4 Qc3 24.Ba2 Nd3 25.Qg5 Kh8 26.f4 Qd2 27.Bb1 f5 {#R} 0-1

[Event "Olympiad"]
[Site "masterchessopen.com Siegen (Germany)"]
[Round "6"]
[White "Roehrl Karl (AUT)"]
[Black "Darga Klaus (GER)"]
[Result "0-1"]
[WhiteElo "2268"]
[BlackElo "2453"]

1.d4 Nf6 2.c4 e6 3.Nc3 Bb4 4.Qc2 c5 5.dxc5 O-O 6.Nf3 Na6 7.a3 Bxc3+ 8.Qxc3
Nxc5 9.b4 Nce4 10.Qd4 d6 11.e3 e5 12.Qd3 a5 13.Nd2 Bf5 14.Qb3 axb4 15.Qxb4 Nc5
16.f3 Bd3 17.Qc3 e4 18.Bb2 Re8 19.f4 Na4 20.Qb3 Nxb2 21.Qxb2 Ng4 22.Qd4 Nh6
23.Qd5 Qb6 24.Qd4 Qxd4 25.exd4 Nf5 26.Nb3 Bc2 27.g4 Nh4 28.Nd2 e3 29.Nb1 {#R}
0-1

[Event "It (young masters)"]
[Site "masterchessopen.com England"]
[Round "7"]
[White "Whiteley Andrew J (ENG)"]
[Black "Bellin Robert (ENG)"]
[Result "1-0"]
[WhiteElo "2310"]
[BlackElo "2355"]

1.d4 Nf6 2.c4 e6 3.Nc3 Bb4 4.Qc2 c5 5.dxc5 O-O 6.Bf4 Bxc5 7.e3 Nh5 8.Bg3 Nxg3
9.hxg3 h6 10.Nf3 Nc6 11.g4 Be7 12.Rd1 b6 13.Qe4 Bb7 14.Bd3 f5 15.gxf5 Rxf5
16.Qg4 Ne5 17.Nxe5 Rxe5 18.f4 Rxe3+ 19.Kd2 Bc5 20.Rxh6 d5 21.Qg6 Rxd3+ 22.Kxd3
dxc4+ 23.Kxc4 Bd5+ 24.Nxd5 exd5+ 25.Kd3 Qd7 26.Rdh1 Qb5+ 27.Kc2 Qa4+ 28.Kb1
{#r} 1-0

[Event "?"]
[Site "masterchessopen.com Lublin (Poland)"]
[Round "0"]
[White "Ungureanu Emil (ROM)"]
[Black "Gipslis Aivars (LAT)"]
[Result "0-1"]
[WhiteElo "2410"]
[BlackElo "2560"]

1.d4 Nf6 2.c4 e6 3.Nc3 Bb4 4.Qc2 c5 5.dxc5 O-O 6.Bf4 Na6 7.e3 Nxc5 8.a3 Bxc3+
9.Qxc3 d6 10.f3 e5 11.Bg3 a5 12.Rd1 Qb6 13.Qd2 Na4 14.b4 axb4 15.axb4 Be6
16.e4 Rfc8 17.Qxd6 Qe3+ 18.Be2 Nb2 19.Bxe5 Nxd1 {#R} 0-1

[Event "Izt"]
[Site "masterchessopen.com Petropolis (Brazil)"]
[Round "0"]
[White "Hort Vlastimil (GER)"]
[Black "Ivkov Borislav (SRB)"]
[Result "0-1"]
[WhiteElo "2590"]
[BlackElo "2520"]

1.d4 Nf6 2.c4 e6 3.Nc3 Bb4 4.Qc2 c5 5.dxc5 O-O 6.Bf4 Na6 7.a3 Bxc3+ 8.Qxc3
Nxc5 9.Rd1 d5 10.f3 Bd7 11.e3 Rc8 12.b3 Qb6 13.b4 Na4 14.Qc2 a5 15.Kf2 axb4
16.Rb1 dxc4 17.Rxb4 Qa7 18.Rxc4 Nd5 19.Qe4 Nac3 20.Qd4 Qxa3 21.Nh3 f6 22.Rxc8
Rxc8 23.Bc4 b5 24.Bd3 e5 25.Bxe5 fxe5 26.Qh4 e4 27.fxe4 {#R} 0-1

[Event "It"]
[Site "masterchessopen.com Le Havre (France)"]
[Round "8"]
[White "Giacomazzi Dominique (FRA)"]
[Black "Ornstein Axel (SWE)"]
[Result "0-1"]
[WhiteElo "2235"]
[BlackElo "2440"]

1.d4 Nf6 2.c4 e6 3.Nc3 Bb4 4.Qc2 c5 5.dxc5 O-O 6.a3 Bxc5 7.b4 Be7 8.Bf4 b6
9.Nb5 Bb7 10.Bc7 Qc8 11.Bg3 Ne4 12.Nf3 f5 13.e3 a5 14.Bxb8 Qxb8 15.Rb1 axb4
16.axb4 Rf6 17.Be2 Rh6 18.Nbd4 g5 19.c5 g4 20.c6 dxc6 21.Bc4 Kh8 22.Bxe6 gxf3
23.gxf3 c5 24.bxc5 Rxh2 25.Rf1 Qe5 26.f4 Qxc5 27.Qxc5 Bxc5 28.Nf3 Bb4+ 29.Rxb4
Ra1+ 30.Ke2 Ba6+ 31.Bc4 Bxc4+ 32.Rxc4 Rxf1 {#R} 0-1

[Event "Bundesliga (2nd) West 1979/80"]
[Site "masterchessopen.com Germany"]
[Round "4"]
[White "Hort Vlastimil (GER)"]
[Black "Gruen Peter (GER)"]
[Result "1-0"]
[WhiteElo "2595"]
[BlackElo "2370"]

1.d4 Nf6 2.c4 e6 3.Nc3 Bb4 4.Qc2 c5 5.dxc5 O-O 6.Bg5 Na6 7.a3 Bxc3+ 8.Qxc3
Nxc5 9.h4 Nce4 10.Bxf6 Nxf6 11.Nf3 b5 12.cxb5 a6 13.e3 axb5 14.Bxb5 Qb6 15.Qd3
Rb8 16.a4 Nd5 17.O-O Nc7 18.Nd4 e5 19.Nf5 Nxb5 20.axb5 Qf6 21.Qd6 Rxb5 22.Ne7+
Kh8 23.Qxf6 gxf6 24.Ra8 Rc5 25.b4 Rc2 26.b5 d6 27.b6 Kg7 28.Rb1 Bb7 29.Nf5+
Kg8 30.Rxf8+ Kxf8 31.Nxd6 {#r} 1-0

[Event "It (cat.8)"]
[Site "masterchessopen.com Polanica Zdroj (Poland)"]
[Round "0"]
[White "Bohm Hans (NED)"]
[Black "Romanishin Oleg M (UKR)"]
[Result "0-1"]
[WhiteElo "2430"]
[BlackElo "2580"]

1.d4 Nf6 2.c4 e6 3.Nc3 Bb4 4.Qc2 c5 5.dxc5 O-O 6.a3 Bxc5 7.Nf3 d5 8.cxd5 exd5
9.Bg5 Be6 10.e3 h6 11.Bh4 Nc6 12.Rd1 Be7 13.Be2 Rc8 14.O-O Ne4 15.Nxe4 Bxh4
16.Nxh4 Qxh4 17.Nc5 Ne5 18.Qa4 Qxa4 19.Nxa4 Rc2 20.Rfe1 Rb8 21.f4 b5 22.Bxb5
Rxb5 23.fxe5 Rb3 24.Rc1 Rxe3 25.Rxc2 Rxe1+ 26.Kf2 Rxe5 27.Rd2 Kf8 28.Nc5 Ke7
29.Rd4 Kd6 30.Nb3 Re4 31.Rxe4 dxe4 32.Nd4 Bd7 33.Ke3 Ke5 34.g3 f5 {#R} 0-1

[Event "Ch Europe (juniors)"]
[Site "masterchessopen.com Groningen (Netherlands)"]
[Round "6"]
[White "Hjartarson Johann (ISL)"]
[Black "Hansen Curt (DEN)"]
[Result "0-1"]
[WhiteElo "2420"]
[BlackElo "2335"]

1.d4 Nf6 2.c4 e6 3.Nc3 Bb4 4.Qc2 c5 5.dxc5 O-O 6.a3 Bxc5 7.Nf3 b6 8.Bf4 Bb7
9.Rd1 Nc6 10.e3 Be7 11.Be2 a6 12.O-O Rc8 13.Bd6 Bxd6 14.Rxd6 Qc7 15.Rfd1 Na5
16.R6d4 Rfd8 17.Rh4 h6 18.b4 Nc6 19.Na4 Ne7 20.Nd4 d6 21.Qb1 e5 22.Nf3 Ng6
23.Rh3 Be4 24.Qa2 Bf5 25.g4 Bxg4 26.Rg3 Be6 27.Qb1 Ne7 28.h4 Qb7 29.Rc1 b5
30.Nb2 Nf5 31.Rg2 bxc4 32.Nxc4 Qe4 33.Na5 Nxe3 34.Rg3 Nf5 {#R} 0-1

[Event "It (open)"]
[Site "masterchessopen.com Hamburg (Germany)"]
[Round "10"]
[White "Paulsen Dirk (GER)"]
[Black "Horvath Tamas I (HUN)"]
[Result "1-0"]
[WhiteElo "2240"]
[BlackElo "2318"]

1.d4 Nf6 2.c4 e6 3.Nc3 Bb4 4.Qc2 c5 5.dxc5 O-O 6.Bf4 Na6 7.a3 Bxc3+ 8.Qxc3 Ne4
9.Qd4 Qa5+ 10.b4 Nxb4 11.axb4 Qxb4+ 12.Bd2 Nxd2 13.Qxd2 Qxc5 14.e3 b6 15.Nf3
Rd8 16.Be2 d5 17.O-O Bb7 18.Rfd1 h6 19.h3 Qe7 20.cxd5 Bxd5 21.Qb2 Qb7 22.Ba6
Qe7 23.Qe5 f6 24.Qg3 g5 25.Nd4 Rd7 26.Rac1 Rad8 27.Bc8 Rd6 28.Nb5 {#r} 1-0

[Event "Ch Moscow"]
[Site "masterchessopen.com Moscow (Russia)"]
[Round "0"]
[White "Bronstein David I (RUS)"]
[Black "Andrianov Nikolai (RUS)"]
[Result "0-1"]
[WhiteElo "2490"]
[BlackElo "2355"]

1.d4 Nf6 2.c4 e6 3.Nc3 Bb4 4.Qc2 c5 5.dxc5 O-O 6.Be3 Na6 { ! } 7.a3 Bxc3+
8.Qxc3 Ne4 9.Qd4 { ? } ( 9.Qe5 { ! } 9...Qa5+ 10.b4 Nxb4 11.axb4 Qxb4+ 12.Kd1
Qb3+ 13.Kc1 Qxc4+ 14.Kb1 Qb3+ { = } ) 9...Naxc5 10.Rd1 ( 10.b4 { ?! } 10...Nb3
11.Qxe4 Nxa1 12.Qb1 Qf6 { ^20 } ) 10...d6 11.b4 ( 11.f3 { ? } 11...e5 12.Qd5
Be6 { ^20 } ) ( 11.Nf3 e5 { !? } 12.Nxe5 Qa5+ 13.b4 Qxa3 14.bxc5 Qb4+ 15.Bd2
Nxd2 16.Qxd2 Qxd2+ { ?? } ) 11...e5 12.Qb2 { ?! } ( { ? } 12.Qa1 Na4 )
12...Na4 13.Qb3 b5 { ! } 14.c5 ( 14.cxb5 { ? } 14...Nec3 { ? ?e6,?c8? } )
14...Be6 15.Qc2 d5 16.Nf3 Nac3 17.Nxe5 ( 17.Rd3 a5 { ! } ) 17...Nxd1 18.Qxd1
a5 19.Bd4 { ! } ( 19.Nc6 { ?! } 19...Qc7 20.Nxa5 Rxa5 21.bxa5 Qxa5+ 22.Bd2
Qxa3 { ^20 } ) 19...axb4 20.axb4 Ra2 { ! } 21.g3 Qa8 22.Bg2 Nd2 { ! ^20 }
23.Nd3 ( 23.Bc3 Qa3 24.Bxd2 Ra1 { ??+ } ) 23...Qa3 24.Nc1 { ? } ( 24.f3 { ? }
24...Nb3 25.Be5 f6 { ??+ } ) ( 24.Bb2 Rxb2 25.Nxb2 Nc4 { !? ^20 } ) 24...Nf3+
{ ! ??+ } 25.Bxf3 Qxb4+ 26.Kf1 Bh3+ 27.Bg2 Rd2 28.Qe1 Qxd4 29.Nb3 Qe4 30.f3
Bxg2+ 31.Kxg2 Rxe2+ {#R} 0-1

[Event "Ch URS (team)"]
[Site "masterchessopen.com Moscow (Russia)"]
[Round "0"]
[White "Kakageldyev Amanmurad (TKM)"]
[Black "Yurtaev Leonid (KGZ)"]
[Result "1-0"]
[WhiteElo "2388"]
[BlackElo "2472"]

1.d4 Nf6 2.c4 e6 3.Nc3 Bb4 4.Qc2 c5 5.dxc5 O-O 6.Nf3 Nc6 7.Bg5 Bxc5 8.e3 b6
9.Be2 Bb7 10.O-O Be7 11.Rad1 a6 12.Rd2 Qc7 13.Rfd1 Nb4 14.Qb3 Rfd8 15.Bf4 Qc8
16.a3 Nc6 17.Qxb6 Ne8 18.Qb3 d6 19.Qa4 Nb8 20.b4 Nd7 21.Qb3 Qc6 22.Bf1 Rac8
23.c5 dxc5 24.b5 axb5 25.Bxb5 c4 26.Qc2 {#r} 1-0

[Event "Ch NRW"]
[Site "masterchessopen.com Niederdreisbach (Germany)"]
[Round "0"]
[White "Paulsen Dirk (GER)"]
[Black "Gerusel Mathias (GER)"]
[Result "0-1"]
[WhiteElo "2240"]
[BlackElo "2380"]

1.d4 Nf6 2.c4 e6 3.Nc3 Bb4 4.Qc2 c5 5.dxc5 O-O 6.Bf4 Na6 7.a3 Bxc3+ 8.Qxc3 Ne4
9.Qd4 Naxc5 10.b4 Nb3 11.Qxe4 Nxa1 12.Be5 a5 13.Bxa1 axb4 14.Qd4 Qg5 15.f4 Qg6
16.e4 d6 17.Nf3 Rxa3 18.Be2 e5 19.fxe5 dxe5 20.Nxe5 Qxg2 21.Bf3 Qg5 22.Bb2 Rd8
23.Qf2 Ra1+ 24.Bxa1 Qc1+ 25.Ke2 Rd2+ 26.Ke3 Rd1+ {#R} 0-1

[Event "Tournament"]
[Site "masterchessopen.com Novorossijsk (Russia)"]
[Round "0"]
[White "Doroshkievich Vladimir K (RUS)"]
[Black "Tunik Gennady (RUS)"]
[Result "1-0"]
[WhiteElo "2420"]
[BlackElo "2412"]

1.d4 Nf6 2.c4 e6 3.Nc3 Bb4 4.Qc2 c5 5.dxc5 O-O 6.a3 Bxc5 7.Nf3 d5 8.Bg5 d4
9.Bxf6 gxf6 10.O-O-O Nc6 11.e3 e5 12.exd4 Nxd4 13.Nxd4 Bxd4 14.Nb5 Bg4 15.f3
Be3+ 16.Kb1 Bd7 17.Bd3 Qe7 18.Nc7 Ba4 19.Bxh7+ Kg7 20.Qxa4 Qxc7 21.Rd7 Qb6
22.Be4 Rab8 23.Bd5 a5 24.c5 Qxc5 25.Qg4+ {#r} 1-0

[Event "It (cat.8)"]
[Site "masterchessopen.com Biel (Switzerland)"]
[Round "0"]
[White "Toth Bela (ITA)"]
[Black "Gobet Fernand (SUI)"]
[Result "1-0"]
[WhiteElo "2345"]
[BlackElo "2400"]

1.d4 Nf6 2.c4 e6 3.Nc3 Bb4 4.Qc2 c5 5.dxc5 O-O 6.a3 Bxc5 7.Nf3 Nc6 8.Bf4 Nh5
9.Bd2 f5 10.e3 b6 11.Be2 Bb7 12.Rd1 Rc8 13.Bc1 Nf6 14.O-O Qe8 15.b4 Be7 16.Bb2
a5 17.b5 Nb8 18.Na4 Bd8 19.Bd4 d6 20.Nxb6 Bxb6 21.Bxb6 Qxb5 22.cxb5 Rxc2
23.Nd4 Rc3 24.a4 e5 25.Nxf5 Nd5 26.Rxd5 Rxf5 27.Rxd6 {#r} 1-0

[Event "Ch World (juniors) (under 20)"]
[Site "masterchessopen.com Copenhagen (Denmark)"]
[Round "9"]
[White "Arlandi Ennio (ITA)"]
[Black "Milos Gilberto (BRA)"]
[Result "0-1"]
[WhiteElo "2436"]
[BlackElo "2597"]

1.d4 Nf6 2.c4 e6 3.Nc3 Bb4 4.Qc2 c5 5.dxc5 O-O 6.a3 Bxc5 7.Nf3 Be7 8.Bf4 Nh5
9.Bg3 f5 10.e3 b6 11.O-O-O Nc6 12.Nb5 Ba6 13.Bc7 Qc8 14.Bd6 Nf6 15.Bxe7 Nxe7
16.Nfd4 Qb8 17.Qa4 Bxb5 18.Nxb5 a6 19.Nc3 Rc8 20.Kb1 Rc7 21.Qb4 Nc6 22.Qd6 Na5
23.Qb4 Ng4 24.Rd2 Ne5 25.b3 Nac6 26.Qd6 Nf7 27.Qg3 b5 28.cxb5 Nce5 29.Kb2 Rxc3
30.Kxc3 Qc7+ 31.Kb2 Rc8 32.Bc4 axb5 33.Kc3 Qa5+ {#R} 0-1

[Event "Ch World (juniors) (under 20)"]
[Site "masterchessopen.com Copenhagen (Denmark)"]
[Round "9"]
[White "Tempone Marcelo (ARG)"]
[Black "Hansen Curt (DEN)"]
[Result "0-1"]
[WhiteElo "2411"]
[BlackElo "2380"]

1.c4 Nf6 2.Nc3 e6 3.d4 Bb4 4.Qc2 c5 5.dxc5 O-O 6.Nf3 Na6 7.a3 Bxc3+ 8.Qxc3
Nxc5 9.g3 b6 10.Bg2 Ba6 11.b4 Nce4 12.Qd4 Rc8 13.b5 Bb7 14.Ng5 d5 15.cxd5
Rxc1+ 16.Rxc1 Nxg5 17.h4 Nge4 18.d6 Bd5 19.O-O Qxd6 20.Qb4 Qxb4 21.axb4 Nd6
22.f3 e5 23.e4 Be6 24.f4 Nxb5 25.f5 Bc8 26.Rfd1 Bb7 {#R} 0-1

[Event "Memorial Heilimo (corr.)"]
[Site "masterchessopen.com corr."]
[Round "0"]
[White "Forintos Gyozo V (HUN)"]
[Black "Markland Peter R (ENG)"]
[Result "1-0"]
[WhiteElo "2317"]
[BlackElo "2390"]

1.d4 Nf6 2.c4 e6 3.Nc3 Bb4 4.Qc2 c5 5.dxc5 O-O 6.a3 Bxc5 7.Nf3 Nc6 8.Bg5 Nd4
9.Nxd4 Bxd4 10.e3 Qa5 11.exd4 Qxg5 12.g3 Qa5 13.Bg2 d5 14.c5 Bd7 15.O-O Qc7
16.b4 Rfe8 17.Rfc1 Rad8 18.f4 h5 19.b5 h4 20.Qe2 hxg3 21.hxg3 Bc8 22.Bf3 g6
23.a4 Kg7 24.a5 Rh8 25.b6 axb6 26.axb6 Qe7 27.Qe5 Kf8 28.Ra7 {#r} 1-0

[Event "Ch URS (qual)"]
[Site "masterchessopen.com Ivano-Frankovsk (Ukraine)"]
[Round "0"]
[White "Gorelov Sergey G (RUS)"]
[Black "Makarichev Sergey (RUS)"]
[Result "1-0"]
[WhiteElo "2445"]
[BlackElo "2505"]

1.d4 Nf6 2.c4 e6 3.Nc3 Bb4 4.Qc2 c5 5.dxc5 O-O 6.a3 Bxc5 7.Nf3 b6 8.Bf4 Bb7
9.Rd1 Qc8 10.e3 d5 11.cxd5 Nxd5 12.Nxd5 Bxd5 13.Bd3 h6 14.O-O a5 15.Qe2 Nd7
16.e4 Bb7 17.e5 Rd8 18.Rc1 a4 19.Rfd1 Ba6 20.h4 Bxd3 21.Rxd3 Qa6 22.Qd2 Qc8
23.Rd1 Ra7 24.h5 Be7 25.Nh2 Rc7 26.Bxh6 Rc2 27.Qf4 gxh6 28.Qxh6 Bh4 29.Ng4
Nxe5 30.Nf6+ Bxf6 31.Rg3+ Ng6 32.Rxd8+ Qxd8 33.hxg6 {#r} 1-0

[Event "Ch URS (qual)"]
[Site "masterchessopen.com Ivano-Frankovsk (Ukraine)"]
[Round "0"]
[White "Kakageldyev Amanmurad (TKM)"]
[Black "Makarichev Sergey (RUS)"]
[Result "0-1"]
[WhiteElo "2388"]
[BlackElo "2505"]

1.d4 e6 2.c4 Nf6 3.Nc3 Bb4 4.Qc2 c5 5.dxc5 O-O 6.a3 Bxc5 7.Nf3 b6 8.Bg5 Bb7
9.e3 h6 10.Bh4 Be7 11.Be2 a6 12.O-O d6 13.Rfd1 Qc7 14.Rac1 Nbd7 15.h3 Rac8
16.Bg3 Qb8 17.b4 Bxf3 18.gxf3 Ne5 19.Qa4 Qa8 20.c5 Nxf3+ 21.Bxf3 Qxf3 22.cxd6
Bxd6 23.Bxd6 Rxc3 24.Rxc3 Ne4 25.Qc2 Nxc3 26.Rd3 Ne2+ 27.Kf1 Nc1 {#R} 0-1

[Event "Ch Europe (juniors) (under 20)"]
[Site "masterchessopen.com Groningen (Netherlands)"]
[Round "4"]
[White "Arlandi Ennio (ITA)"]
[Black "Nijboer Friso (NED)"]
[Result "1-0"]
[WhiteElo "2436"]
[BlackElo "2285"]

1.d4 Nf6 2.c4 e6 3.Nc3 Bb4 4.Qc2 c5 5.dxc5 O-O 6.a3 Bxc5 7.Nf3 d5 8.cxd5 exd5
9.Bg5 Qb6 10.e3 Ne4 11.Rc1 Nxg5 12.Nxg5 g6 13.Nxd5 Qa5+ 14.Qc3 Qxc3+ 15.Rxc3
Nd7 16.Bb5 {#r} 1-0

[Event "Ch \"]
[Site "masterchessopen.com Minsk (Belarus)"]
[Round "0"]
[White "Tavadian Hrachik (ARM)"]
[Black "Zagrebelny Sergey (UZB)"]
[Result "1-0"]
[WhiteElo "2315"]
[BlackElo "2490"]

1.d4 Nf6 2.c4 e6 3.Nc3 Bb4 4.Qc2 c5 5.dxc5 O-O 6.a3 Bxc5 7.Nf3 Nc6 8.Bg5 Nd4
9.Nxd4 Bxd4 10.e3 Qa5 11.exd4 Qxg5 12.Qd2 Qg6 13.f3 b6 14.Bd3 Qh5 15.h4 Qa5
16.b4 Qa6 17.Rh3 Qb7 18.Rg3 g6 19.Qh6 Qc7 20.f4 d5 21.h5 Ne8 22.Kd2 dxc4
23.Rh1 cxd3 24.hxg6 f5 25.gxh7+ Kf7 26.Qxf8+ {#r} 1-0

[Event "Memorial K.Piskov"]
[Site "masterchessopen.com Ruse (Bulgaria)"]
[Round "1"]
[White "Ilievski Dimitar (MKD)"]
[Black "Lalev Dimitar (BUL)"]
[Result "1-0"]
[WhiteElo "2309"]
[BlackElo "2450"]

1.d4 Nf6 2.c4 e6 3.Nc3 Bb4 4.Qc2 c5 5.dxc5 O-O 6.Nf3 Na6 7.Bg5 Nxc5 8.a3 Bxc3+
9.Qxc3 Nce4 10.Bxf6 Nxf6 11.e3 b6 12.Bd3 Ba6 13.Rd1 Rc8 14.Qd4 Qe7 15.O-O Rfd8
16.Qh4 h6 17.Ne5 Kf8 18.Bg6 d6 19.Nxf7 Rxc4 20.f4 Rd7 21.Rf3 Ne4 22.Qe1 Bb7
23.b3 Rc8 24.Rf1 Nc3 25.Rd4 Qf6 26.Ne5 Ke7 27.Qd2 Ne2+ 28.Qxe2 dxe5 29.Rxd7+
Kxd7 30.Qd3+ Bd5 31.Be4 exf4 32.Bxd5 exd5 33.Qxd5+ Ke7 34.Qb7+ {#r} 1-0

[Event "It (cat.11)"]
[Site "masterchessopen.com Sochi (Russia)"]
[Round "0"]
[White "Suba Mihai (ROM)"]
[Black "Gruenberg Hans-Ulrich (GER)"]
[Result "0-1"]
[WhiteElo "2555"]
[BlackElo "2465"]

1.d4 Nf6 2.c4 e6 3.Nc3 Bb4 4.Qc2 c5 5.dxc5 O-O 6.a3 Bxc5 7.Bf4 b6 8.Rd1 Bb7
9.Nf3 Nc6 10.e4 Ne7 11.Be2 Ng6 12.Bg3 Nh5 13.Qd2 Nxg3 14.hxg3 Bc6 15.Rh5 Qb8
16.Kf1 Rd8 17.Nd4 Be7 18.Kg1 a6 19.f4 Qc7 20.Rc1 Rac8 21.Kh2 Ba8 22.Rf1 Nf8
23.g4 g6 24.Rh3 e5 25.fxe5 Qxe5+ 26.Kh1 Ne6 {#R} 0-1